1810 1815 1265 1671 1222 1106 1663 1801 1078 1146 1187 1315 1523 1229 1978 1490 1938 1349 1775 1958 1295 1425 1456 1016 1457 1203 1467 1785 1331 1782 1697 1095 1575 1837 1463 1347 1860 1716 1999 1852 1896 1099 1574 1352 1899 1213 1405 1229 1753 1330 1861 1974 1449 1036 1422 1903 1943 1680 1887 1421 1165 1381 1943 1551 1677 1911 1558 1258 1574 1454 1183 1313 1359 1643 1025 1031 1699 1762 1023 1337 1193 1237 1131 1758 1792 1701 1569 1102 1007 1174 1810 1224 1619 1150 1299 1342 1734 1243 1076 BCNSPRNW ULIB Ver.6.0+V

เปลี่ยนเป็นภาษาไทย

Change to English
 แสดงรายละเอียดบรรณานุกรม
  กลับหน้าหลัก

Brief Record : Get Marc (ISO 2709) : E-mail record : QR code < ปิดหน้าต่าง
LEADER : 00000nam 2200000uu 4500
001    13399120319
003     ULIB
008    020711sมปป. th a 000 0 tha d
020    9786165311243
050    QV766^bร434
100    บรรหาร ทินประบุตร
245    ราชาสมุนไพร พญาวานร/^cบรรหาร ทินประบุตร
250    พิมพ์ครั้งที่ 1
260    กรุงเทพฯ :^bสุภัชนิญค์,^cม.ป.ป.
945    ^p59^l0^i18101
999    ^aทศพร เกษรทอง
รายการนี้ยังไม่มีแท็ก
คุณยังไม่ได้ล็อกอิน คุณสามารถมีกิจกรรมร่วมกับเว็บไซต์ได้ แต่ต้องล็อกอินก่อน ::
  ล็อกอิน

รายการสื่อสารสนเทศ

ลำดับที่ ประเภท เลขเรียก/บาร์โค้ด สถานที่ สถานะ
- ไม่พบข้อมูล -

BibComment


ยังไม่เคยถูกคอมเมนท์

คอมเมนท์ทรัพยากรรายการนี้
  คอมเมนท์: ราชาสมุนไพร พญาวา..


 Copyright 2026. Bcnsprnw @Library